| 000 | 00439nam a2200145Ia 4500 | ||
|---|---|---|---|
| 008 | 100415s9999 xx 000 0 und d | ||
| 082 |
_b14142 _a799(541) |
||
| 100 | _aHusain Kazi Zaker | ||
| 245 | _aAn Introduction to the Wildlife of Bangladesh | ||
| 260 |
_aDACCA _c1974 _bF AHMED |
||
| 365 | _b0 | ||
| 630 | _aAn Introduction to the Wildlife of Bangladesh | ||
| 730 | _aAn Introduction to the Wildlife of Bangladesh | ||
| 942 | _cBOOK | ||
| 999 |
_c597040 _d597037 |
||